Đại cương lịch sử thế giới trung đại; T1 Các nước Tây Âu

Uloženo v:
Podrobná bibliografie
Hlavní autor: Nguyễn Gia Phu
Médium: Kniha
Jazyk:Undetermined
Vydáno: Hà Nội Giáo Dục 1998
Témata:
Tagy: Přidat tag
Žádné tagy, Buďte první, kdo otaguje tento záznam!
Thư viện lưu trữ: Trung tâm Học liệu Trường Đại học Cần Thơ
LEADER 00549nam a2200169Ia 4500
001 CTU_46318
008 210402s9999 xx 000 0 und d
082 |a 909 
100 |a Nguyễn Gia Phu 
245 0 |a Đại cương lịch sử thế giới trung đại; T1 
245 0 |b Các nước Tây Âu 
245 0 |c Nguyễn Gia Phu, Nguyễn Văn Ánh 
260 |a Hà Nội 
260 |b Giáo Dục 
260 |c 1998 
650 |a history, ancient,world history 
980 |a Trung tâm Học liệu Trường Đại học Cần Thơ